LEADER 01205nam a2200301 a 4500 001 000000129023 003 CaOOAMICUS 005 20120522161334.0 008 120522s2012 it u000 u ita r 020 $a978-88-10-22160-0 040 $aPUL$bita 082 04$a226.3 100 1 $aGrilli, Massimo.$0(OLS)http://pul/name/79542 245 11$a"Paradosso e mistero". Il Vangelo di Marco /$cMassimo Grilli. 260 $aBologna :$bEDB,$c©2012. 300 $a118 p. ;$c21 cm. 490 1 $aCollana biblica 504 $aBibliografia: p. [117]-118. 630 04$aBiblia.$pN.T.$pMarcus$xCritica e interpretazione.$0(OLS)http://pul/subject/37840 830 0$aCollana biblica (Edizioni Dehoniane).$0(OLS)http://pul/title/43126 850 $aPUL 852 $aPUL$W1$xSL Religione 3$y85$m226. 3 GRIMA 1$j149401$qDDC 21$B147937$CPULBib$Z2$F147937 $H119826 $82 941 1 $a9 996 $6020$a978-88-10-22160-0$9(OLS)http://pul/number/149779 996 $6082$a226.3$9(OLS)http://pul/classification/700 996 $6245$a"Paradosso e mistero". Il Vangelo di Marco$9(OLS)http://pul/title/163035 996 $6260$aBologna :$bEDB$9(OLS)http://pul/publisher/56073 LEADER 01389nam a2200277 a 4500 001 000000128816 003 CaOOAMICUS 005 20120511120617.0 008 120511s2007 it a u000 u ita r 040 $aPUL$bita 082 04$a791.43 245 03$aIl film sull'arte di soggetto sacro :$bdocumenti di ricerca e studio /$ca cura di Mara Luzi Pacella. 260 $aCittą del Vaticano :$bPontificia insigne Accademia di belle arti e lettere dei virtuosi al Pantheon,$c2007. 300 $a283 p. :$bill. ;$c30 cm 500 $aIn testa al front.: Progetto - Cinema e arte sacra, Ideato e diretto da Vittorio Di Giacomo. 504 $aBibliografia in nota. 650 4$aCinema$xArte sacra.$0(OLS)http://pul/subject/38659 700 1 $aLuzi Pacella, Mara.$0(OLS)http://pul/name/82436 700 1 $aDi Giacomo, Vittorio.$0(OLS)http://pul/name/20232 850 $aPUL 852 $aPUL$W1$xDP2 Cons. Gen., Altre Classi 3$y97$m791. 43 DIGVI 1$j149155$qDDC 21$B147722$CPULBib$Z2$F147722 $H119367 $82 941 1 $a9 996 $6082$a791.43$9(OLS)http://pul/classification/531 996 $6245$aIl film sull'arte di soggetto sacro :$bdocumenti di ricerca e studio$9(OLS)http://pul/title/162775 996 $6260$aCittą del Vaticano :$bPontificia insigne Accademia di belle arti e lettere dei virtuosi al Pantheon$9(OLS)http://pul/publisher/81987